| 000 | 00680nam a2200193 i 4500 | ||
|---|---|---|---|
| 001 | 189440 | ||
| 003 | ES-MaACL | ||
| 005 | 20230906223456.0 | ||
| 008 | 190603s1972 sp |||| | spa d | ||
| 100 | 1 |
_aScharbert, Josef. _9167195 |
|
| 245 | 1 | 1 |
_a¿Pecado original? / _cJosé Scharbert ; [versión por D. Pedro R. Velasco Beteta]. |
| 260 |
_aEstella : _bVerbo Divino, _c[1972] |
||
| 300 |
_a173 p. ; _c19 cm. |
||
| 490 | 1 |
_aColección Biblia y Kerigma. Temas de Pastoral Bíblica ; _v15 |
|
| 650 | 0 | 4 |
_aPecado original. _915902 |
| 830 | 0 |
_aColección Biblia y Kerigma. Temas de Pastoral Bíblica ; _v15 _9225833 |
|
| 852 |
_aES-MaACL _jP-565-Bis-15 |
||
| 999 |
_c189440 _d189440 |
||